00955cam a22002533a 450000100060000000300060000600500170001200800410002904000150007004200070008505000070009210000320009924501630013126000290029450001100032350600300043351600200046365300320048365300390051565300370055465300390059183000290063085600420065913852PGUSA20140828083309.0041025s2004||||xxu|||||s|||||000 | eng d aPGUSAbeng adc 4aPN1 aBennett, Arnold,d1867-193110aLiterary Taste :bHow to Form It : With Detailed Instructions for Collecting a Complete Library of English Literatureh[electronic resource] /cArnold Bennett bProject Gutenberg,c2004 aThis eBook is taken from a 1913 edition. See also: #3640 taken from a 1914 re-printing of a 1909 edition. aPublic domain in the USA. aElectronic text aBest books -- Great Britain aBooks and reading -- Great Britain aBook collecting -- Great Britain aEnglish literature -- Bibliography 0aProject Gutenbergv1385240uhttp://www.gutenberg.org/ebooks/13852